[Event "Piatka op"]
[Site "Swidnica"]
[Date "1997.??.??"]
[Round "8"]
[White "Motylev, Alexander"]
[Black "Neverov, Valeriy"]
[Result "1/2-1/2"]
[WhiteElo "2455"]
[BlackElo "2530"]

1.e4 c5 2.c3 Nf6 3.e5 Nd5 4.d4 cxd4 5.Nf3 e6 6.cxd4 b6 7.Nc3 Nxc3 8.bxc3 Qc7
9.Bd2 Bb7 10.Bd3 d6 11.O-O Nd7 12.Ng5 dxe5 13.Qh5 g6 14.Qh3 Be7 15.Rfe1 a6
16.a4 Ra7 17.c4 Qd6 18.Rad1 Qa3 19.a5 bxa5 20.c5 Qa4 21.Bxg6 fxg6 22.Qxe6 Rf8
23.d5 Rf6 24.Qg8+ Rf8 25.Qe6 Rf6 26.Qg8+ Rf8 27.Qxh7 Bxd5 28.Qxg6+ Bf7 29.Nxf7 Rxf7
30.Be3 Rc7 31.Qxa6 Qc6 32.Qxa5 Nxc5 33.Rc1 Kf8 34.Rc4 e4 35.Rec1 Rf5 36.Qc3 Kg8
37.h3 Rd5 38.Bxc5 Rxc5 39.Qg3+ Kf8 40.Qf4+ Ke8 41.Rxc5 Bxc5 42.Qe5+ Kd8 43.Qa1 Qe6
44.Qh8+ Qe8 45.Qa1 Qe6 46.Qh8+ Kd7 47.Qg7+ Qe7 48.Qg4+ Kc6 49.Qg6+ Kd5 50.Rd1+ Bd4
51.Qg8+ Kc5 52.Qa8 Rd7 53.Qa5+ Kc6 54.Qa4+ Kc5  1/2-1/2

[Event "RUS-ch51"]
[Site "St Petersburg"]
[Date "1998.08.03"]
[Round "7"]
[White "Tregubov, Pavel V"]
[Black "Motylev, Alexander"]
[Result "1-0"]
[WhiteElo "2535"]
[BlackElo "2465"]

1.d4 Nf6 2.c4 g6 3.g3 Bg7 4.Bg2 O-O 5.Nc3 d6 6.Nf3 Nc6 7.O-O e5 8.d5 Ne7
9.e4 Nd7 10.Ne1 a5 11.Nd3 b6 12.f4 exf4 13.Bxf4 Ba6 14.Nb5 Ne5 15.Nxe5 dxe5
16.Bg5 Bxb5 17.cxb5 h6 18.Be3 Nc8 19.a4 Nd6 20.Rc1 Kh7 21.Rc6 Ra7 22.h4 h5
23.Bg5 Qd7 24.Kh2 f6 25.Bd2 Bh6 26.Bxh6 Kxh6 27.Bh3 Qg7 28.Qe2 Qe7 29.Be6 Rh8
30.Rc3 Kg7 31.Rg1 Rh6 32.g4 hxg4 33.Rxg4 Kf8 34.Qg2 Qh7 35.Rh3 Ra8 36.Kg1 Ke7
37.Rc3 Ne8 38.Rcg3 Rxh4 39.Rxg6 Kd6 40.Qf3 Rd8 41.Qa3+ c5 42.bxc6 Kc7 43.Rg7+  1-0

[Event "RUS-ch51"]
[Site "St Petersburg"]
[Date "1998.08.05"]
[Round "9"]
[White "Motylev, Alexander"]
[Black "Grischuk, Alexander"]
[Result "0-1"]
[WhiteElo "2465"]
[BlackElo "2490"]

1.e4 c5 2.Nf3 Nc6 3.Bb5 d6 4.O-O Bd7 5.Re1 Nf6 6.h3 a6 7.Bf1 e5 8.c3 Be7
9.d4 Qc7 10.a4 O-O 11.Na3 cxd4 12.cxd4 exd4 13.Bf4 Rfe8 14.Rc1 Bf8 15.Bd3 Qd8
16.Bb1 d5 17.e5 Ne4 18.Nc2 Qb6 19.Ncxd4 Bc5 20.Be3 Nxe5 21.Rxc5 Nxc5 22.Nxe5 Rxe5
23.Nf3 Rxe3 24.Rxe3 Qxb2 25.Ng5 h6 26.Bh7+ Kh8 27.Qh5 Qf6 28.Re5 Ne6 29.Rf5 Qa1+  0-1

[Event "Bucharest Fest GM"]
[Site "Bucharest"]
[Date "1998.??.??"]
[Round "?"]
[White "Moraru, Marius"]
[Black "Motylev, Alexander"]
[Result "1-0"]
[WhiteElo "2420"]
[BlackElo "2465"]

1.e4 c5 2.Nf3 Nc6 3.d4 cxd4 4.Nxd4 g6 5.c4 Nf6 6.Nc3 d6 7.f3 Nxd4 8.Qxd4 Bg7
9.Be3 O-O 10.Qd2 Be6 11.Rc1 Nd7 12.Be2 a6 13.O-O Qa5 14.Rfd1 Rfc8 15.Nd5 Qxd2
16.Rxd2 Bxd5 17.Rxd5 Bxb2 18.Rb1 Bf6 19.Rxb7 Nc5 20.Bxc5 Rxc5 21.f4 Rac8
22.Bd3 Rxd5 23.cxd5 Bd4+ 24.Kf1 Rc1+ 25.Ke2 Rg1 26.Kf3 Re1 27.Be2 Rc1 28.Bxa6 Rc3+
29.Ke2 Bg1 30.Rxe7 Bxh2 31.e5 Kf8 32.exd6 Bxf4 33.Rd7 Rc5 34.Rd8+ Kg7 35.Bb7 Ra5
36.Kf3 Bg5 37.Rc8 f5 38.d7 Ra3+ 39.Kf2 Rxa2+ 40.Kg1 Ra1+ 41.Kh2 f4 42.d8=Q Bxd8
43.Rxd8 g5 44.d6 g4 45.Bd5 Kf6 46.Rf8+ Kg5 47.Rg8+ Kh5 48.Rxg4 h6 49.d7 f3
50.d8=Q  1-0

[Event "Bucharest Cup GM"]
[Site "Bucharest"]
[Date "1998.??.??"]
[Round "?"]
[White "Svetushkin, Dmitry"]
[Black "Motylev, Alexander"]
[Result "0-1"]
[WhiteElo "2460"]
[BlackElo "2465"]

1.e4 c5 2.Nf3 Nc6 3.Bb5 e6 4.Bxc6 bxc6 5.d3 Ne7 6.Ng5 h6 7.Nh3 g6 8.Bd2 Bg7
9.Bc3 e5 10.f4 d5 11.Nf2 d4 12.Bd2 exf4 13.Bxf4 O-O 14.g4 Kh7 15.Rg1 Rg8
16.Kf1 Be6 17.Nd2 Qd7 18.Qf3 g5 19.Bg3 Rgf8 20.Nc4 Ng6 21.Re1 Rad8 22.b3 Qe7
23.Kg2 Bc8 24.Kh1 Be5 25.Bxe5 Nxe5 26.Nxe5 Qxe5 27.Kg2 Rd6 28.Qg3 Re8 29.Rgf1 Kg6
30.Nd1 Qxg3+ 31.Kxg3 Rh8 32.e5 Re6 33.Nb2 h5 34.gxh5+ Rxh5 35.Na4 Kg7 36.Nxc5 Reh6
37.Rh1 Rh3+ 38.Kg2 Bg4 39.Ref1 Re3 40.Ne4 Bh3+ 41.Kf2 Rh4 42.Rc1 Rf4+ 43.Kg1 Re2  0-1

[Event "Bucharest Cup GM"]
[Site "Bucharest"]
[Date "1998.??.??"]
[Round "?"]
[White "Sofronie, Iulian"]
[Black "Motylev, Alexander"]
[Result "0-1"]
[WhiteElo "2405"]
[BlackElo "2465"]

1.Nf3 Nf6 2.d4 g6 3.c4 Bg7 4.Nc3 O-O 5.g3 d6 6.Bg2 Nc6 7.O-O a6 8.b3 Rb8
9.a4 Bf5 10.Bb2 Nb4 11.Ne1 c5 12.e4 Bg4 13.f3 cxd4 14.Ne2 Bd7 15.Nxd4 Qb6
16.Kh1 Rfc8 17.Qd2 Nc6 18.a5 Qc7 19.Nec2 b6 20.Nxc6 Bxc6 21.Nd4 Ba8 22.Rfc1 Nd7
23.Bc3 Nc5 24.b4 Nd7 25.b5 bxa5 26.bxa6 Qa7 27.Rxa5 Rxc4 28.Ne2 Nc5 29.Bxg7 Nb3
30.Qh6 Rxc1+ 31.Nxc1 Nxa5 32.Bc3 f6 33.Bxa5 g5 34.h4 Qe3 35.Na2 Rb1+ 36.Kh2 Qg1+
37.Kh3 Rb2 38.hxg5 Qxg2+ 39.Kg4 Bxe4  0-1

[Event "Bucharest Cup GM"]
[Site "Bucharest"]
[Date "1998.??.??"]
[Round "?"]
[White "Benkovic, Petar"]
[Black "Motylev, Alexander"]
[Result "0-1"]
[WhiteElo "2310"]
[BlackElo "2465"]

1.Nf3 Nf6 2.g3 g6 3.b3 Bg7 4.Bb2 c5 5.Bg2 Nc6 6.c4 d6 7.d4 cxd4 8.Nxd4 Bd7
9.e3 O-O 10.O-O Rc8 11.Nc3 Bg4 12.Qd2 Qd7 13.Rfe1 h5 14.Rac1 Nh7 15.h4 Ne5
16.Nd5 Kh8 17.Kh2 Qd8 18.f3 Bd7 19.e4 a6 20.Qe2 Rg8 21.Kh1 Nc6 22.Qe3 Ne5
23.Qe2 Rb8 24.a4 Nc6 25.Red1 e5 26.Nc2 g5 27.Qf2 gxh4 28.gxh4 Nf8 29.f4 Bg4
30.Rd3 exf4 31.Bxg7+ Rxg7 32.Nxf4 Ne5 33.Rd2 Neg6 34.Nxg6+ Nxg6 35.e5 Nxh4
36.Bd5 Qg5 37.exd6 Bf3+ 38.Bxf3 Nxf3 39.Rd5 Qg4  0-1

[Event "Bucharest Cup GM"]
[Site "Bucharest"]
[Date "1998.??.??"]
[Round "?"]
[White "Brajovic, Radovan"]
[Black "Motylev, Alexander"]
[Result "0-1"]
[WhiteElo "2320"]
[BlackElo "2465"]

1.e4 c5 2.Nf3 g6 3.c3 d5 4.exd5 Qxd5 5.d4 Bg7 6.Be3 cxd4 7.cxd4 Nf6 8.Nc3 Qa5
9.Be2 Nc6 10.O-O Be6 11.a3 O-O 12.b4 Qd8 13.Qd2 Nd5 14.Rfd1 Nxc3 15.Qxc3 Rc8
16.Qb2 Bd5 17.Ne5 e6 18.Rac1 Qh4 19.f4 a6 20.g3 Qe7 21.Rc5 Qd6 22.Rdc1 Be4
23.b5 axb5 24.Bxb5 Ra8 25.Nxc6 bxc6 26.Bxc6 Bxc6 27.Rxc6 Qxa3 28.Qxa3 Rxa3
29.Kf2 Raa8 30.g4 Rfd8 31.R1c4 Ra2+ 32.Kg3 Ra3 33.Kf2 Bf6 34.g5 Be7 35.Rc8 Ra8
36.Rxa8 Rxa8 37.h4 h5 38.Rc1 Kf8 39.Kf3 Ra5 40.Rb1 Bd6 41.Rb6 Rd5 42.Ra6 Bb4
43.Rb6 Bc3 44.Rb8+ Kg7 45.Rb1 Bxd4 46.Rd1 Bc3 47.Rc1 Bd2 48.Rd1 Bb4 49.Rb1 Bd6
50.Ke4 Kf8 51.Rb6 Ke8 52.Ra6 Bc5 53.Ra8+ Ke7 54.Bc1 Rd4+ 55.Kf3 Rc4 56.Bb2 Bd6
57.Ra7+ Ke8 58.Ra8+ Kd7 59.Ra7+ Rc7 60.Ra4 Rb7 61.Bf6 Kc6  0-1

[Event "Bucharest Fest GM"]
[Site "Bucharest"]
[Date "1998.??.??"]
[Round "?"]
[White "Moldovan, Daniel"]
[Black "Motylev, Alexander"]
[Result "1/2-1/2"]
[WhiteElo "2455"]
[BlackElo "2465"]

1.e4 c5 2.Nf3 d6 3.Nc3 Nf6 4.g3 Nc6 5.Bg2 g6 6.O-O Bg7 7.h3 O-O 8.d3 Ne8
9.Be3 Nd4 10.Nh2 Rb8 11.Qd2 b5 12.Nd1 b4 13.f4 Qa5 14.Nf2 f5 15.a3 bxa3  1/2-1/2

[Event "RUS-Cup02"]
[Site "Moscow"]
[Date "1998.??.??"]
[Round "2"]
[White "Sakaev, Konstantin"]
[Black "Motylev, Alexander"]
[Result "1/2-1/2"]
[WhiteElo "2620"]
[BlackElo "2455"]

1.d4 Nf6 2.c4 g6 3.Nc3 Bg7 4.e4 d6 5.Be2 O-O 6.Bg5 c6 7.Qd2 Na6 8.f3 Rb8
9.g4 Qa5 10.h4 b5 11.cxb5 cxb5 12.h5 e5 13.hxg6 fxg6 14.Be3 Be6 15.d5 Bd7
16.Bxa7 Ra8 17.Be3 b4 18.Nd1 Bxg4 19.Nf2 Bd7 20.Ngh3 Nh5 21.Ng5 Nc5  1/2-1/2

[Event "RUS-Cup02"]
[Site "Moscow"]
[Date "1998.??.??"]
[Round "7"]
[White "Motylev, Alexander"]
[Black "Mitin, Andrej"]
[Result "1/2-1/2"]
[WhiteElo "2455"]
[BlackElo "2235"]

1.e4 c5 2.c3 d5 3.exd5 Qxd5 4.Nf3 Nf6 5.d4 Bg4 6.Nbd2 Nc6 7.Qa4 cxd4 8.Bc4 Qd7
9.cxd4 e6 10.Bb5 Bxf3 11.Nxf3 Bb4+ 12.Kf1 Bd6 13.Ne5 Bxe5 14.dxe5 Nd5 15.Bd2 O-O
16.Bxc6  1/2-1/2

[Event "RUS-ch U20"]
[Site "Sochi"]
[Date "1998.??.??"]
[Round "1"]
[White "Motylev, Alexander"]
[Black "Kokorev, Dmitry"]
[Result "1-0"]
[WhiteElo "2455"]
[BlackElo "2280"]

1.e4 c5 2.c3 d5 3.exd5 Qxd5 4.d4 Nf6 5.Nf3 Bg4 6.Nbd2 e6 7.Qa4+ Nbd7 8.Bc4 Qc6
9.Bb5 Bxf3 10.Bxc6 Bxc6 11.Qd1 Bxg2 12.Rg1 Bc6 13.Nb3 O-O-O 14.Na5 Bd5 15.c4 Be4
16.f3 Bf5 17.Qb3 Nb6 18.dxc5 Bxc5 19.Be3 Bc2 20.Qxc2 Bxe3 21.Rxg7 Rd7 22.Rd1 Rhd8
23.Rxd7 Rxd7 24.Nb3 Bh6 25.Rg2 Rc7 26.Qc3 Nbd5 27.Qd4 Be3 28.Qh4 Nf4 29.Qxf6 Nxg2+
30.Kf1 Nf4 31.Qh8+ Kd7 32.Qe5  1-0

[Event "RUS-ch U20"]
[Site "Sochi"]
[Date "1998.??.??"]
[Round "3"]
[White "Motylev, Alexander"]
[Black "Rychagov, Andrei"]
[Result "1-0"]
[WhiteElo "2455"]
[BlackElo "2495"]

1.e4 c5 2.c3 Nf6 3.d3 Nc6 4.f4 d6 5.Nf3 g6 6.g3 Bg7 7.Bg2 O-O 8.Qc2 Bd7 9.O-O b5
10.h3 Rc8 11.a3 Ne8 12.Qe2 a5 13.Be3 b4 14.axb4 axb4 15.d4 bxc3 16.bxc3 cxd4
17.cxd4 e5 18.Qf2 Nf6 19.Nbd2 Nh5 20.Kh2 exf4 21.gxf4 Nb4 22.Ne1 Bh6 23.Rb1 Nc2
24.Nxc2 Rxc2 25.e5 Bf5 26.Rbc1 Rb2 27.Rc6 dxe5 28.fxe5 Bxe3 29.Qxe3 Qh4 30.Rf2 Ng7
31.d5 Bd7 32.Rc4 Qe7 33.d6 Qe6 34.Qd4 Ra2 35.Rc5 Nf5 36.Qe3 Re8 37.Re2 Nxd6
38.Bd5 Qf5 39.Bxa2  1-0

[Event "RUS-ch U20"]
[Site "Sochi"]
[Date "1998.??.??"]
[Round "4"]
[White "Motylev, Alexander"]
[Black "Kobalija, Mihail"]
[Result "0-1"]
[WhiteElo "2455"]
[BlackElo "2500"]

1.e4 c5 2.Nf3 e6 3.b3 Nc6 4.Bb2 d6 5.d4 cxd4 6.Nxd4 Nxd4 7.Qxd4 Nf6 8.c4 Be7
9.Nc3 Bd7 10.Be2 O-O 11.O-O a6 12.Kh1 Qc7 13.Rac1 Rad8 14.f4 Qb8 15.a4 a5
16.Bd3 Bc6 17.Bb1 Nh5 18.Qe3 g6 19.g4 Nf6 20.g5 Nh5 21.f5 exf5 22.Nd5 Bxd5
23.exd5 Rde8 24.Qd4 f6 25.Rxf5 Bd8 26.Rf2 Re5 27.Rg1 Qc8 28.gxf6 Rxf6 29.Qd2 Rxf2
30.Qxf2 Rg5 31.Rxg5 Bxg5 32.Qe1 Kf7 33.c5 Qxc5 34.Qe6+ Kf8 35.Be4 Nf4 36.Qg4 Qe3
37.Qc8+ Kf7  0-1

[Event "RUS-ch U20"]
[Site "Sochi"]
[Date "1998.??.??"]
[Round "9"]
[White "Kosyrev, Vladimir"]
[Black "Motylev, Alexander"]
[Result "0-1"]
[WhiteElo "2405"]
[BlackElo "2455"]

1.d4 Nf6 2.Nf3 g6 3.g3 Bg7 4.Bg2 O-O 5.O-O d6 6.h3 Nc6 7.d5 Na5 8.Nc3 c6
9.e4 cxd5 10.Nxd5 Nc6 11.Re1 Nd7 12.c3 Nc5 13.b4 Nd7 14.b5 Na5 15.Bg5 Re8
16.e5 dxe5 17.Nxe5 f6 18.Nxd7 Bxd7 19.Bd2 e6 20.Nf4 e5 21.Nd5 Bxb5 22.c4 Bc6
23.Qc2 Bd7 24.Rad1 Nc6 25.Be3 Qc8 26.Kh2 Be6 27.Qa4 f5 28.Nb4 Nxb4 29.Qxb4 e4
30.Bd4 Qxc4 31.Qxc4 Bxc4 32.Bxg7 Kxg7 33.Rd7+ Kf6 34.Rxb7 Reb8 35.Rxh7 Rb2
36.Kg1 Rxa2 37.f3 exf3 38.Bxf3 Rd8 39.Rc7 Bg8 40.Rc6+ Kg7 41.Re2 Ra3 42.Bg2 Rd7
43.Kh2 a5 44.h4 a4 45.Rf2 Ra2 46.Rxa2 Bxa2 47.Ra6 Bb3 48.Bc6 Rd2+ 49.Kh3 Ra2
50.h5 Bc4 51.Rxa4 Bf1+ 52.Kh4 Kh6  0-1

[Event "RUS-ch U20"]
[Site "Sochi"]
[Date "1998.??.??"]
[Round "10"]
[White "Motylev, Alexander"]
[Black "Eliseev, Alexey"]
[Result "1-0"]
[WhiteElo "2455"]
[BlackElo "2300"]

1.e4 c6 2.d4 d5 3.Nc3 dxe4 4.Nxe4 Nf6 5.Nxf6+ gxf6 6.g3 h5 7.Nf3 Bg4 8.Bg2 h4
9.h3 Bxf3 10.Bxf3 e6 11.g4 Qd6 12.a3 Nd7 13.c4 O-O-O 14.Be3 Qc7 15.Qe2 f5
16.gxf5 Qa5+ 17.Bd2 Qxf5 18.Be4 Qh5 19.Bf3 Qg6 20.Kf1 Nb6 21.Bf4 Rg8 22.Be4 Qg7
23.Be5 f6 24.Bh2 Rxd4 25.Bxc6 bxc6 26.Qxe6+ Qd7 27.Qxg8 Qxh3+ 28.Ke1 Qd3
29.Qxf8+ Kb7 30.Qb8+ Ka6 31.Bf4 Qe4+ 32.Be3 Qxh1+ 33.Ke2 Qe4 34.c5 Rc4 35.Rd1 Rxc5
36.Rd4 Qc2+ 37.Kf3 Qf5+ 38.Ke2 Rc2+ 39.Kd1 Rxb2 40.Ra4+ Kb5 41.Ra5+ Kxa5
42.Qxa7+ Kb5 43.Qxb6+ Ka4 44.Qxb2 Qe4 45.Qxf6 Kb3 46.Qd4 Qc2+ 47.Ke1 h3 48.Bf4 Qg6
49.Qe3+ Kc2 50.Qxh3 Qe4+ 51.Be3 c5 52.Qh5 c4 53.Qd1+ Kc3 54.Qd4+ Qxd4 55.Bxd4+ Kxd4  1-0

[Event "RUS-Cup03 (Geller mem)"]
[Site "Moscow"]
[Date "1999.02.14"]
[Round "5"]
[White "Motylev, Alexander"]
[Black "Solovjov, Sergey"]
[Result "1-0"]
[WhiteElo "2505"]
[BlackElo "2447"]

1.e4 c5 2.Nf3 d6 3.d4 cxd4 4.Nxd4 Nf6 5.Nc3 g6 6.Be3 Bg7 7.f3 Nc6 8.Qd2 O-O
9.Bc4 Bd7 10.O-O-O Ne5 11.Bb3 Rc8 12.Kb1 Nc4 13.Bxc4 Rxc4 14.g4 b5 15.b3 Rc8
16.Ndxb5 Qa5 17.a4 a6 18.Nd5 Nxd5 19.Qxa5 Nxe3 20.Nc7 Rb8 21.Nd5 Nc4 22.Qc7 Na3+
23.Ka2  1-0

[Event "Bydgoszcz Bank Pocztowy op"]
[Site "Bydgoszcz"]
[Date "1999.07.14"]
[Round "3"]
[White "Gelman, Alexander"]
[Black "Motylev, Alexander"]
[Result "1-0"]
[WhiteElo "2469"]
[BlackElo "2532"]

1.e4 d6 2.d4 Nf6 3.Nc3 g6 4.f4 Bg7 5.Nf3 O-O 6.Be3 Nbd7 7.e5 Ng4 8.Bg1 c5
9.e6 fxe6 10.Ng5 Ndf6 11.Qe2 e5 12.dxe5 dxe5 13.fxe5 Nh5 14.Qc4+ Kh8 15.Nf7+ Rxf7
16.Qxf7 Nxe5 17.Qd5 Qf8 18.Be3 Ng4 19.Bxc5 Bf5 20.O-O-O Re8 21.Bxa7 Nf4 22.Qxb7 e6
23.Ba6 Ra8 24.Bc5 Qg8 25.Rd7 Bh6 26.Rxh7+  1-0

[Event "Bydgoszcz Bank Pocztowy op"]
[Site "Bydgoszcz"]
[Date "1999.07.20"]
[Round "9"]
[White "Motylev, Alexander"]
[Black "Filippov, Valerij"]
[Result "1-0"]
[WhiteElo "2532"]
[BlackElo "2605"]

1.e4 c5 2.Nf3 e6 3.Nc3 Nc6 4.d4 cxd4 5.Nxd4 Nf6 6.g3 d5 7.Bg2 Bc5 8.Nb3 Bb4
9.O-O Bxc3 10.exd5 exd5 11.bxc3 O-O 12.Nd4 Ne5 13.Re1 Re8 14.Bg5 Bg4 15.Qd2 Qd7
16.Bxf6 gxf6 17.Qh6 Ng6 18.h3 Be6 19.Re3 Bf5 20.g4 Be6 21.f4 Bxg4 22.hxg4 Qxg4
23.Rg3  1-0

[Event "MK Cafe Cup-B"]
[Site "Koszalin"]
[Date "1999.08.08"]
[Round "6"]
[White "Motylev, Alexander"]
[Black "Pres, Grigorii"]
[Result "1/2-1/2"]
[WhiteElo "2532"]
[BlackElo "2371"]

1.d4 e6 2.e4 c5 3.Nf3 cxd4 4.Nxd4 Nf6 5.Nc3 d6 6.Be3 a6 7.f3 Qc7 8.g4 Nc6
9.Qd2 Nxd4 10.Bxd4 h6 11.O-O-O Bd7 12.h4 Bc6 13.Bh3 Nd7 14.g5 Ne5 15.Qg2 hxg5
16.hxg5 Ng6 17.Qg3 Rc8 18.Rh2 b5  1/2-1/2

[Event "MK Cafe Cup-B"]
[Site "Koszalin"]
[Date "1999.08.12"]
[Round "9"]
[White "Bator, Robert"]
[Black "Motylev, Alexander"]
[Result "1-0"]
[WhiteElo "2431"]
[BlackElo "2532"]

1.d4 Nf6 2.Nf3 g6 3.g3 Bg7 4.Bg2 O-O 5.c4 d6 6.O-O a6 7.Nc3 Nc6 8.Re1 Rb8
9.Rb1 Na5 10.b3 b5 11.cxb5 axb5 12.b4 Nc4 13.a4 bxa4 14.Qxa4 Nb6 15.Qc2 Nbd5
16.Nxd5 Nxd5 17.Bd2 f5 18.Rec1 e6 19.e3 Rf7 20.b5 Bb7 21.Ne1 f4 22.gxf4 g5
23.fxg5 Qxg5 24.f4 Qh5 25.Qd1 Qg6 26.Qe2 e5 27.dxe5 dxe5 28.Kh1 exf4 29.exf4 Nxf4
30.Bxf4 Rxf4 31.Bxb7 Rxb7 32.Nd3 Rf8 33.Nc5 Ra7 34.Rg1 Re8 35.Qc4+ Qf7 36.Rxg7+ Kxg7
37.Rg1+ Kf8 38.Rf1 c6 39.Rxf7+ Rxf7 40.bxc6  1-0

[Event "Polanica Zdroj op"]
[Site "Polanica Zdroj"]
[Date "1999.08.17"]
[Round "1"]
[White "Meczynski, Waldemar"]
[Black "Motylev, Alexander"]
[Result "0-1"]
[WhiteElo "2236"]
[BlackElo "2532"]

1.e4 c5 2.Nf3 Nc6 3.d4 cxd4 4.Nxd4 g6 5.Nc3 Bg7 6.Be3 Nf6 7.Bc4 O-O 8.Bb3 d6
9.f3 Bd7 10.Qd2 Nxd4 11.Bxd4 b5 12.O-O-O a5 13.Nd5 Nxd5 14.Bxd5 Rb8 15.Ba7 Rc8
16.Bb7 Rc7 17.Bb6 Rxc2+ 18.Kxc2 Qxb6 19.Bd5 e6 20.Bb3 a4 21.Qxd6 axb3+ 22.Kxb3 Bc6
23.Rd3 Ra8 24.Rc1 Bd5+ 25.Rxd5 Qe3+ 26.Rc3 Bxc3 27.Rd3 Be5 28.Rxe3 Bxd6 29.e5 Bf8
30.Rd3 b4 31.f4 h6 32.g4 Ra5 33.Re3 Rd5 34.a4 bxa3 35.bxa3 Rd4 36.Rf3 g5
37.f5 Rxg4 38.fxe6 fxe6 39.Rf6 Rh4 40.Rxe6 Rh3+ 41.Kc4 Bxa3 42.Ra6 Bb2 43.Kd5 Rxh2
44.e6 Re2 45.Ra7 Bf6 46.Rf7 Bg7 47.Kd6 Rd2+ 48.Ke7 Ra2 49.Kd6 Bf8+ 50.Ke5 Re2+
51.Kd5 Re1 52.Rf6 Re3 53.Rf7 Re1 54.Rf6 Rd1+ 55.Ke4 Rd4+ 56.Kf3 Rd8 57.Kg4 Re8
58.Kh5 Bg7 59.Rf7 Rxe6 60.Rb7 Kh7 61.Ra7 Re1 62.Ra6 Rh1+ 63.Kg4 Rh4+ 64.Kf3 Rf4+
65.Kg3 Bf6 66.Re6 Kg6  0-1

[Event "Polanica Zdroj op"]
[Site "Polanica Zdroj"]
[Date "1999.08.19"]
[Round "3"]
[White "Lobejko, Rafal"]
[Black "Motylev, Alexander"]
[Result "1/2-1/2"]
[WhiteElo "2374"]
[BlackElo "2532"]

1.Nf3 Nf6 2.g3 g6 3.Bg2 Bg7 4.O-O O-O 5.c4 d6 6.d4 Nc6 7.Nc3 a6 8.b3 Rb8
9.e3 e5 10.Bb2 Bf5 11.h3 Re8 12.g4 Bd7 13.d5 Na7 14.a4 h5 15.Nh2 hxg4 16.hxg4 Nh7
17.Ne2 Qh4 18.f3 f5 19.gxf5 gxf5 20.f4 e4 21.Bxg7 Kxg7 22.Qe1 Qxe1 23.Rfxe1 Nf6
24.Nd4 Rh8 25.Re2 Kf7 26.Bf1 c6 27.Rg2 cxd5 28.cxd5 Rbg8 29.Rc1 Rxg2+ 30.Kxg2 Rc8
31.Rxc8 Nxc8 32.Bc4 Nb6 33.a5 Nbxd5 34.Nf1 Kg6 35.Bxd5 Nxd5 36.Kf2 Ne7 37.Nd2 Nc6
38.Nxc6 bxc6 39.Nc4 Be6 40.Nxd6 Bxb3 41.Ke2 Kf6 42.Kd2 Ke6 43.Ne8 Kd7 44.Ng7 Be6
45.Kc3 c5 46.Kb2 Kd6 47.Ka3 Bd7 48.Nh5 Kd5 49.Kb3 Kc6 50.Ka4 Bc8 51.Nf6 Be6
52.Nh5 Bf7 53.Ng3 Bg6 54.Ne2 Bh5 55.Nc3 Bf3 56.Kb3 Bg2  1/2-1/2

[Event "Polanica Zdroj op"]
[Site "Polanica Zdroj"]
[Date "1999.08.22"]
[Round "6"]
[White "Motylev, Alexander"]
[Black "Shilin, Denis"]
[Result "1-0"]
[WhiteElo "2532"]
[BlackElo "2394"]

1.e4 g6 2.d4 Bg7 3.Nc3 c6 4.f4 d5 5.e5 h5 6.Be3 Nh6 7.Nf3 Bg4 8.h3 Bxf3 9.Qxf3 h4
10.Bd3 e6 11.O-O Nd7 12.Ne2 Nf5 13.Bf2 Bf8 14.b3 Ba3 15.Rab1 a5 16.c4 Qb6
17.Kh1 Qa7 18.Rfd1 O-O-O 19.cxd5 exd5 20.Qg4 Nh6 21.Qxh4 Rde8 22.Qg3 f5 23.Be1 Nf8
24.b4 Bxb4 25.Bxb4 axb4 26.Rxb4 Nf7 27.Nc3 Rh6 28.Re1 Qa3 29.Reb1 Nd8 30.Nb5 Qxa2
31.Nd6+ Kd7 32.Rxb7+ Nxb7 33.Rxb7+ Kd8 34.Qg5+  1-0

[Event "Polanica Zdroj op"]
[Site "Polanica Zdroj"]
[Date "1999.08.24"]
[Round "8"]
[White "Motylev, Alexander"]
[Black "Eljanov, Pavel"]
[Result "0-1"]
[WhiteElo "2532"]
[BlackElo "2447"]

1.e4 c5 2.Nf3 Nc6 3.d4 cxd4 4.Nxd4 Nf6 5.Nc3 e5 6.Ndb5 d6 7.Bg5 a6 8.Na3 b5
9.Nd5 Be7 10.Bxf6 Bxf6 11.c3 O-O 12.Nc2 Bg5 13.a4 bxa4 14.Rxa4 a5 15.Bc4 Rb8
16.b3 Kh8 17.O-O f5 18.exf5 Bxf5 19.Nce3 Bg6 20.Ra3 e4 21.Be2 Rb7 22.Nc4 Rbf7
23.Ra2 Bf5 24.Bg4 g6 25.Bxf5 gxf5 26.f3 Ne5 27.fxe4 fxe4 28.Rxf7 Rxf7 29.Qd4 Qf8
30.Ra1 Bh4 31.Qxe4 Bf2+ 32.Kh1 Bc5 33.Nce3 Bxe3 34.Nxe3 Rf4 35.Qb1 Rf2 36.h3 Qf4
37.Nc4 Nf3  0-1

[Event "Popel mem 2nd"]
[Site "Lvov"]
[Date "1999.09.25"]
[Round "4"]
[White "Motylev, Alexander"]
[Black "Atalik, Suat"]
[Result "1-0"]
[WhiteElo "2532"]
[BlackElo "2598"]

1.e4 c6 2.d4 d5 3.Nc3 dxe4 4.Nxe4 Bf5 5.Ng3 Bg6 6.h4 h6 7.Nf3 e6 8.Ne5 Bh7
9.Bd3 Bxd3 10.Qxd3 Nf6 11.Bd2 Nbd7 12.f4 c5 13.O-O-O cxd4 14.Ng6 Rg8 15.Nxf8 Nxf8
16.Rhe1 Qd7 17.Qa3 Ng6 18.Bc3 Nxf4 19.Bxd4 N4d5 20.Bxf6 gxf6 21.Ne4 O-O-O
22.Nxf6 Qc7 23.Nxg8 Rxg8 24.Kb1 a5 25.g4 Kb8 26.Qf3 Rc8 27.c4 Qxc4 28.Rc1 Qd4
29.Rxc8+ Kxc8 30.Qxf7 Nc7 31.Rc1 Qe5 32.Qe8+  1-0

[Event "Popel mem 2nd"]
[Site "Lvov"]
[Date "1999.10.01"]
[Round "9"]
[White "Motylev, Alexander"]
[Black "Zheliandinov, Viktor"]
[Result "1-0"]
[WhiteElo "2532"]
[BlackElo "2411"]

1.e4 c5 2.Nf3 d6 3.d4 cxd4 4.Nxd4 Nf6 5.Nc3 e6 6.Be3 a6 7.f3 Be7 8.Qd2 Nc6
9.g4 Nd7 10.O-O-O Nde5 11.Qf2 Qc7 12.Rg1 Na5 13.Nb3 Nac4 14.Bd4 b5 15.f4 Ng6
16.Bxg7 Rg8 17.Bh6 Bb7 18.Bxc4 bxc4 19.Nd4 Qb6 20.Qe2 Rc8 21.f5 Ne5 22.Be3 Qa5
23.fxe6 fxe6 24.Nxe6 Bxe4 25.Nxe4 c3 26.Nxc3 Rxc3 27.Bd2 Qxa2 28.Bxc3 Nc4
29.b3 Na3 30.Qe4 Rg6 31.Qa8+  1-0

[Event "Chigorin mem"]
[Site "St Petersburg"]
[Date "1999.11.03"]
[Round "2"]
[White "Motylev, Alexander"]
[Black "Riazantsev, Alexander"]
[Result "1/2-1/2"]
[WhiteElo "2532"]
[BlackElo "2417"]

1.e4 e6 2.d4 d5 3.Nc3 Bb4 4.e5 c5 5.a3 Bxc3+ 6.bxc3 Ne7 7.Qg4 O-O 8.Nf3 Nbc6
9.Bd3 f5 10.Qh3 Qe8 11.Rg1 c4 12.Be2 Qg6 13.g3 Bd7 14.Bf4 h6 15.g4 Qh7 16.g5 Ng6
17.Bc1 h5 18.Nd2 h4 19.Nf1 Kf7 20.Ng3 Rh8 21.Nh5 Ke7 22.Nf4 Nxf4 23.Bxf4 g6
24.Kd2  1/2-1/2

[Event "RUS-Cup"]
[Site "Tula "]
[Date "1999.??.??"]
[Round "1"]
[White "Gavritenkov, Sergei"]
[Black "Motylev, Alexander"]
[Result "0-1"]
[WhiteElo "2312"]
[BlackElo "2505"]

1.e4 c5 2.c3 d5 3.exd5 Qxd5 4.d4 Nf6 5.Nf3 Bg4 6.Be2 cxd4 7.cxd4 e6 8.Nc3 Qa5
9.h3 Bh5 10.Qb3 Bb4 11.O-O O-O 12.a3 Bxc3 13.bxc3 Nc6 14.Qxb7 Rfc8 15.Qa6 Ne4
16.Qxa5 Nxa5 17.Ba6 Rc6 18.Bb5 Rxc3 19.Be3 Nb3 20.Ra2 Bxf3 21.gxf3 Nd6 22.Ba4 Rd3
23.Kg2 Nxd4 24.Rd1 Rxd1 25.Bxd1 N6f5 26.Rb2 h6 27.Rb7 a6 28.f4 Rd8 29.Ba4 Nxe3+
30.fxe3 Nf5 31.e4 Rd2+ 32.Kg1 Nd6 33.Rb8+ Kh7 34.e5 Nb5 35.Rf8 Kg6 36.Ra8 Nd4
37.Rxa6 Kf5 38.Be8 Kxf4 39.Ra4 Kg3 40.Kf1 Rd1+  0-1

[Event "RUS-Cup"]
[Site "Tula "]
[Date "1999.??.??"]
[Round "6"]
[White "Motylev, Alexander"]
[Black "Selin, O."]
[Result "1-0"]
[WhiteElo "2505"]
[BlackElo "2281"]

1.e4 c5 2.Nf3 Nc6 3.d4 cxd4 4.Nxd4 Nf6 5.Nc3 d6 6.f3 e6 7.Be3 Be7 8.Qd2 a6
9.O-O-O O-O 10.g4 Nxd4 11.Bxd4 b5 12.a3 Nd7 13.h4 Bb7 14.g5 Rc8 15.Rg1 Ne5
16.Qe3 Nc4 17.Bxc4 Rxc4 18.Kb1 Qc7 19.Bf6 Kh8 20.Bxe7 Qxe7 21.Rd3 b4 22.axb4 Rxb4
23.Rgd1 Rd8 24.Qc5  1-0

[Event "VII Anibal Open"]
[Site "Linares ESP"]
[Date "2000.01.07"]
[Round "1"]
[White "O'Donovan,R"]
[Black "Motylev,A"]
[Result "0-1"]
[WhiteElo "2175"]
[BlackElo "2532"]

1.e4 c5 2.Nf3 d6 3.d4 cxd4 4.Nxd4 Nf6 5.Nc3 g6 6.g3 Nc6 7.Nde2 Bd7 8.Bg2 Bg7
9.h3 O-O 10.O-O Rc8 11.Kh2 Na5 12.a4 a6 13.Rb1 b5 14.axb5 axb5 15.Nd4 b4
16.Nce2 h6 17.c3 bxc3 18.Nxc3 Qb6 19.Nce2 e5 20.Nf3 Bb5 21.Nfg1 Rfd8 22.Be3 Qb7
23.f3 d5 24.exd5 Nxd5 25.f4 Bc6 26.Bxd5 Bxd5 27.Qa4 Nc4 28.Qa7 Qxa7 29.Bxa7 Nd2  0-1

[Event "VII Anibal Open"]
[Site "Linares ESP"]
[Date "2000.01.09"]
[Round "3"]
[White "Wohl,A"]
[Black "Motylev,A"]
[Result "0-1"]
[WhiteElo "2440"]
[BlackElo "2532"]

1.c4 g6 2.Nc3 Bg7 3.g3 c5 4.Bg2 Nc6 5.Nf3 e6 6.O-O Nge7 7.d3 O-O 8.Bg5 h6
9.Bd2 d5 10.cxd5 exd5 11.a3 b6 12.Rb1 Bb7 13.b4 cxb4 14.axb4 d4 15.Na4 Nd5
16.b5 Nce7 17.Qb3 Qd7 18.Rfc1 Nf5 19.g4 Nfe7 20.h3 h5 21.gxh5 gxh5 22.e4 dxe3
23.fxe3 Ng6 24.Nb2 Rae8 25.Nc4 Ndf4 26.exf4 Bxf3 27.Bxf3 Qxh3 28.Kf2 Qh2+  0-1

[Event "VII Anibal Open"]
[Site "Linares ESP"]
[Date "2000.01.10"]
[Round "4"]
[White "Motylev,A"]
[Black "Zvjaginsev,V"]
[Result "1/2-1/2"]
[WhiteElo "2532"]
[BlackElo "2652"]

1.e4 e5 2.Nf3 Nc6 3.d4 exd4 4.Nxd4 Bb4+ 5.c3 Bc5 6.Be3 Bb6 7.Bc4 d6 8.Nxc6 bxc6
9.Qf3 Qf6 10.Qf4 Qxf4 11.Bxf4 Nf6 12.f3 d5 13.exd5 Nxd5 14.Bxd5 cxd5 15.Na3 Bb7
16.O-O-O O-O-O 17.Rhe1 Rhe8 18.Nc2 Bf2 19.Rf1 Bb6 20.Rfe1 Bf2 21.Rf1 Bb6  1/2-1/2